Aktuálne problémy vo vývoji práva SR a ČR medzinárodná konferencia, 5. a 6. december 2007, Kaskády : [... výstup vedeckovýskumných úloh VEGA č. 1/4617/07 - Vývoj právneho poriadku v SR po vstupe do EÚ a grantu VEGA č. 1/3794/06 - Proces vzniku správneho práva EÚ a dopad jeho princípov na tvorbu a zmeny slovenského správneho práva hmotného a procesného]

Bibliographic Details
Other Authors: Šeligová, Zuzana, 1979- (Compiler)
Format: Book
Language:Slovak
Czech
PhysicalDescription:305 s. 23 cm
Published: V Bratislave Univerzita Komenského 2008
ISBN:9788071602583 (brož.)
Edition:1. vyd.
Series:Sympóziá, kolokvia, konferencie
Subjects:

MARC

LEADER 00000nam a2200000 a 4500
001 vtls009480621
003 SK-MaSNL
005 20260426014949.0
008 160610s2008 xo f a 100 0 slo
015 |a SNBA2009/04-01694 
020 |a 9788071602583 (brož.) 
035 |a 06003329-7370-49BD-8153-EB87B8B7EA60 
035 |a urn:nbn:sk:snk-amlder 
035 |a urn:nbn:sk:snk-am0090ua 
040 |a SNK  |b slo  |c SNK  |e AACR2 
041 0 |a slo  |a cze  |b eng 
043 |a e-xo---  |a e-xr--- 
044 |a xo  |c SK 
072 7 |a 34  |x Právo  |2 konspekt 
080 |a 34  |2 2001 
080 |a (437.6)  |2 2001 
080 |a (437.3)  |2 2001 
080 |a (062.534)  |2 2001 
245 0 0 |a Aktuálne problémy vo vývoji práva SR a ČR  |b medzinárodná konferencia, 5. a 6. december 2007, Kaskády : [... výstup vedeckovýskumných úloh VEGA č. 1/4617/07 - Vývoj právneho poriadku v SR po vstupe do EÚ a grantu VEGA č. 1/3794/06 - Proces vzniku správneho práva EÚ a dopad jeho princípov na tvorbu a zmeny slovenského správneho práva hmotného a procesného]  |c [zostavovateľka: Zuzana Šeligová] 
250 |a 1. vyd. 
260 |a V Bratislave  |b Univerzita Komenského  |c 2008 
300 |a 305 s.  |c 23 cm 
490 1 |a Sympóziá, kolokvia, konferencie 
504 |a Bibliogr. odkazy 
546 |a Text aj čes. Res. angl. Súbež. obs. angl. 
650 0 7 |a právo  |2 SNKPH  |9 976 
650 0 7 |a Law  |2 SNKPHeng  |9 265417 
651 7 |a Slovensko  |2 SNKPH  |9 14231 
651 7 |a Slovakia  |2 SNKPHeng  |9 92630 
651 7 |a Česko  |2 SNKPH  |9 16753 
651 7 |a Czechia  |2 SNKPHeng  |9 170107 
655 7 |a zborníky konferencií  |2 SNKPH  |9 70153 
655 7 |a Proceedings of conferences  |2 SNKPHeng  |9 265791 
700 1 |a Šeligová, Zuzana,  |d 1979-  |4 com  |9 248582 
810 2 |a Univerzita Komenského v Bratislave.  |b Právnická fakulta  |t Sympóziá, kolokviá, konferencie  |9 176501 
919 |a 978-80-7160-258-3 
958 |a NB 
958 |a OND 
968 |d 34 
999 |c 1173213  |d 1175143 
952 |a SNK  |b SNK  |y PREZ  |7 0  |p 17A0613377  |o snkSC 134839  |i snk2009/4618  |8 0  |0 0  |1 0  |4 0  |d 2009-03-06  |f 1  |l 0  |r 2025-07-01 00:00:00  |w 2026-02-24 
952 |a SNK  |b SNK  |y VYP  |7 0  |p 17A0613378  |o snkSC 134839 D1  |i snk2009/4619  |8 0  |0 0  |1 0  |4 0  |d 2009-03-06  |l 0  |r 2026-02-24 21:11:47  |w 2026-02-24